[Event "SportAccord MindGames Final Tournament"]
[Site "playchess.com #044013"]
[Date "2011.10.29"]
[Round "10"]
[White "Munkhgal"]
[Black "Lord Shiva"]
[Result "1-0"]
[WhiteElo "2465"]
[BlackElo "2664"]
[PlyCount "93"]
[EventDate "2011.10.29"]
[EventType "tourn (blitz)"]

1. e4 {[%emt 0:00:02]} c5 {[%emt 0:00:01]} 2. Nf3 {[%emt 0:00:01]} g6 {[%emt 0:
00:01]} 3. d4 {[%emt 0:00:01] Lord Shiva offers a draw} cxd4 {[%emt 0:00:01]}
4. Nxd4 {[%emt 0:00:00]} Nc6 {[%emt 0:00:01]} 5. c4 {[%emt 0:00:03]} Bg7 {
[%emt 0:00:02]} 6. Be3 {[%emt 0:00:03]} Nf6 {[%emt 0:00:01]} 7. Nc3 {[%emt 0:
00:03]} O-O {[%emt 0:00:01]} 8. Be2 {[%emt 0:00:01]} d6 {[%emt 0:00:01]} 9. O-O
{[%emt 0:00:02]} a6 {[%emt 0:00:01]} 10. f3 {[%emt 0:00:04]} Qa5 {[%emt 0:00:
03]} 11. Rc1 {[%emt 0:00:04]} Be6 {[%emt 0:00:02]} 12. Qd2 {[%emt 0:00:04]}
Rfc8 {[%emt 0:00:02]} 13. b3 {[%emt 0:00:05]} Nxd4 {[%emt 0:00:02]} 14. Bxd4 {
[%emt 0:00:02]} Nd7 {[%emt 0:00:01]} 15. Be3 {[%emt 0:00:04]} Nc5 {[%emt 0:00:
12]} 16. Rfd1 {[%emt 0:00:04]} b5 {[%emt 0:00:09]} 17. cxb5 {[%emt 0:00:29]}
Nxb3 {[%emt 0:00:05]} 18. axb3 {[%emt 0:00:06]} Bxc3 {[%emt 0:00:01]} 19. Rxc3
{[%emt 0:00:11]} Qxc3 {[%emt 0:00:02]} 20. bxa6 {[%emt 0:00:08]} Qxd2 {[%emt 0:
00:07]} 21. Rxd2 {[%emt 0:00:03]} Bxb3 {[%emt 0:00:08]} 22. Rb2 {[%emt 0:00:03]
} Bc4 {[%emt 0:00:04]} 23. Bxc4 {[%emt 0:00:02]} Rxc4 {[%emt 0:00:02]} 24. a7 {
[%emt 0:00:00]} f6 {[%emt 0:00:10]} 25. Rb8+ {[%emt 0:00:08]} Rc8 {[%emt 0:00:
02]} 26. Rb7 {[%emt 0:00:00]} Kf7 {[%emt 0:00:01]} 27. Bb6 {[%emt 0:00:03]} Ke6
{[%emt 0:00:09]} 28. Bc7 {[%emt 0:00:02]} h5 {[%emt 0:00:27]} 29. h4 {[%emt 0:
00:02]} g5 {[%emt 0:00:02]} 30. hxg5 {[%emt 0:00:12]} fxg5 {[%emt 0:00:01]} 31.
Kh2 {[%emt 0:00:02]} Re8 {[%emt 0:00:23]} 32. Bb8 {[%emt 0:00:10]} d5 {[%emt 0:
00:02]} 33. Rb6+ {[%emt 0:00:04]} Kd7 {[%emt 0:00:03]} 34. exd5 {[%emt 0:00:01]
} g4 {[%emt 0:00:14]} 35. fxg4 {[%emt 0:00:07]} hxg4 {[%emt 0:00:00]} 36. Kg3 {
[%emt 0:00:01]} e5 {[%emt 0:00:02]} 37. dxe6+ {[%emt 0:00:07]} Rxe6 {[%emt 0:
00:04]} 38. Rxe6 {[%emt 0:00:01]} Kxe6 {[%emt 0:00:01]} 39. Kxg4 {[%emt 0:00:
01]} Kf6 {[%emt 0:00:01]} 40. Kh5 {[%emt 0:00:01]} Kg7 {[%emt 0:00:03]} 41. Kg5
{[%emt 0:00:01]} Kf7 {[%emt 0:00:05]} 42. Kh6 {[%emt 0:00:03]} Kf6 {[%emt 0:00:
12]} 43. g4 {[%emt 0:00:02]} Kf7 {[%emt 0:00:01]} 44. g5 {[%emt 0:00:01]} Kg8 {
[%emt 0:00:03]} 45. Kg6 {[%emt 0:00:01]} Kf8 {[%emt 0:00:01]} 46. Kh7 {[%emt 0:
00:01]} Kf7 {[%emt 0:00:01]} 47. g6+ {[%emt 0:00:02] Lord Shiva resigns} 1-0

[Event "SportAccord MindGames Final Tournament"]
[Site "playchess.com #044013"]
[Date "2011.10.29"]
[Round "10"]
[White "ChennaiKramnik"]
[Black "DirtyJoker"]
[Result "0-1"]
[WhiteElo "2596"]
[BlackElo "2622"]
[PlyCount "84"]
[EventDate "2011.10.29"]
[EventType "tourn (blitz)"]

1. Nf3 {[%emt 0:00:03]} Nf6 {[%emt 0:00:02]} 2. b3 {[%emt 0:00:01]} g6 {[%emt
0:00:02]} 3. Bb2 {[%emt 0:00:01]} Bg7 {[%emt 0:00:01]} 4. e4 {[%emt 0:00:01]}
d6 {[%emt 0:00:02]} 5. d3 {[%emt 0:00:01]} O-O {[%emt 0:00:01]} 6. h4 {[%emt 0:
00:01]} Bg4 {[%emt 0:00:04]} 7. Nbd2 {[%emt 0:00:02]} c5 {[%emt 0:00:07]} 8.
Be2 {[%emt 0:00:01]} Nc6 {[%emt 0:00:01]} 9. c3 {[%emt 0:00:11]} e5 {[%emt 0:
00:09]} 10. Qc2 {[%emt 0:00:06]} d5 {[%emt 0:00:02]} 11. Ng1 {[%emt 0:00:14]}
Bxe2 {[%emt 0:00:22]} 12. Nxe2 {[%emt 0:00:02]} Qd7 {[%emt 0:00:01]} 13. h5 {
[%emt 0:00:09]} Nxh5 {[%emt 0:00:05]} 14. O-O-O {[%emt 0:00:03]} b5 {[%emt 0:
00:03]} 15. g4 {[%emt 0:00:04]} Nf4 {[%emt 0:00:03]} 16. Nxf4 {[%emt 0:00:07]}
exf4 {[%emt 0:00:01]} 17. exd5 {[%emt 0:00:10]} Qxd5 {[%emt 0:00:01]} 18. Ne4 {
[%emt 0:00:04]} f5 {[%emt 0:00:24]} 19. gxf5 {[%emt 0:00:02]} Qxf5 {[%emt 0:00:
01]} 20. f3 {[%emt 0:00:04]} b4 {[%emt 0:00:03]} 21. Kb1 {[%emt 0:00:15]} bxc3
{[%emt 0:00:02]} 22. Bxc3 {[%emt 0:00:01]} Nd4 {[%emt 0:00:01]} 23. Bxd4 {
[%emt 0:00:02]} Bxd4 {[%emt 0:00:02]} 24. Rh4 {[%emt 0:00:21]} Bg7 {[%emt 0:00:
12]} 25. Rdh1 {[%emt 0:00:06]} Qe5 {[%emt 0:00:05]} 26. Kc1 {[%emt 0:00:31]} h6
{[%emt 0:00:09]} 27. Rxh6 {[%emt 0:00:07]} Bxh6 {[%emt 0:00:08]} 28. Rxh6 {
[%emt 0:00:08]} Kg7 {[%emt 0:00:01]} 29. Rh2 {[%emt 0:00:14]} Rh8 {[%emt 0:00:
02]} 30. Kb1 {[%emt 0:00:10]} Rxh2 {[%emt 0:00:04]} 31. Qxh2 {[%emt 0:00:01]}
Rh8 {[%emt 0:00:00]} 32. Qg2 {[%emt 0:00:10]} Qd4 {[%emt 0:00:05]} 33. a4 {
[%emt 0:00:19]} Qxd3+ {[%emt 0:00:01]} 34. Ka2 {[%emt 0:00:02]} Qd4 {[%emt 0:
00:09]} 35. Ng5 {[%emt 0:00:06]} Qe5 {[%emt 0:00:10]} 36. Ne4 {[%emt 0:00:06]}
c4 {[%emt 0:00:05]} 37. bxc4 {[%emt 0:00:03]} Qd4 {[%emt 0:00:01]} 38. Qc2 {
[%emt 0:00:01]} Rh1 {[%emt 0:00:12] '} 39. c5 {[%emt 0:00:03]} Ra1+ {[%emt 0:
00:04]} 40. Kb3 {[%emt 0:00:01]} Qxa4+ {[%emt 0:00:01]} 41. Kc3 {[%emt 0:00:00]
} Ra3+ {[%emt 0:00:01]} 42. Kd2 {[%emt 0:00:04]} Ra2 {[%emt 0:00:01]
ChennaiKramnik resigns} 0-1

[Event "SportAccord MindGames Final Tournament"]
[Site "playchess.com #044013"]
[Date "2011.10.29"]
[Round "10"]
[White "FCChelsea"]
[Black "Gan-Od_Sereenen"]
[Result "1-0"]
[WhiteElo "2504"]
[BlackElo "2584"]
[PlyCount "117"]
[EventDate "2011.10.29"]
[EventType "tourn (blitz)"]

1. Nf3 {[%emt 0:00:02]} Nf6 {[%emt 0:00:01]} 2. d4 {[%emt 0:00:01]} g6 {[%emt
0:00:02]} 3. Bf4 {[%emt 0:00:02]} Bg7 {[%emt 0:00:01]} 4. e3 {[%emt 0:00:01]}
O-O {[%emt 0:00:00]} 5. Be2 {[%emt 0:00:01]} d5 {[%emt 0:00:01]} 6. h3 {[%emt
0:00:01]} c6 {[%emt 0:00:00]} 7. O-O {[%emt 0:00:01]} Ne4 {[%emt 0:00:01]} 8.
Nbd2 {[%emt 0:00:01]} Nxd2 {[%emt 0:00:01]} 9. Qxd2 {[%emt 0:00:03]} Nd7 {
[%emt 0:00:00]} 10. c4 {[%emt 0:00:02]} e6 {[%emt 0:00:01]} 11. b4 {[%emt 0:00:
06]} Re8 {[%emt 0:00:03]} 12. Rfd1 {[%emt 0:00:03]} a5 {[%emt 0:00:02]} 13. b5
{[%emt 0:00:04]} Nf6 {[%emt 0:00:13]} 14. c5 {[%emt 0:00:08]} Ne4 {[%emt 0:00:
03]} 15. Qc2 {[%emt 0:00:02]} f5 {[%emt 0:00:05]} 16. Rab1 {[%emt 0:00:04]} Bd7
{[%emt 0:00:02]} 17. a4 {[%emt 0:00:02]} Qe7 {[%emt 0:00:05]} 18. Be5 {[%emt 0:
00:03]} Bh6 {[%emt 0:00:04]} 19. Nd2 {[%emt 0:00:04]} Nxd2 {[%emt 0:00:02]} 20.
Qxd2 {[%emt 0:00:01]} Rec8 {[%emt 0:00:03]} 21. bxc6 {[%emt 0:00:09]} Bxc6 {
[%emt 0:00:02]} 22. Bb5 {[%emt 0:00:01]} Bg7 {[%emt 0:00:05]} 23. Bd6 {[%emt 0:
00:05]} Qd7 {[%emt 0:00:07]} 24. Bxc6 {[%emt 0:00:01]} bxc6 {[%emt 0:00:00]}
25. Rb6 {[%emt 0:00:03]} Qe8 {[%emt 0:00:10]} 26. f4 {[%emt 0:00:06]} Bf6 {
[%emt 0:00:01]} 27. Rdb1 {[%emt 0:00:03]} g5 {[%emt 0:00:21]} 28. Rb7 {[%emt 0:
00:06]} Qh5 {[%emt 0:00:06] Gan-Od_Sereenen offers a draw} 29. Be7 {[%emt 0:00:
40]} Qg6 {[%emt 0:00:26]} 30. Bxf6 {[%emt 0:00:13]} Qxf6 {[%emt 0:00:00]} 31.
fxg5 {[%emt 0:00:01]} Qxg5 {[%emt 0:00:01]} 32. Qf2 {[%emt 0:00:01]} Rf8 {
[%emt 0:00:34]} 33. Qf4 {[%emt 0:00:01]} Qxf4 {[%emt 0:00:01]} 34. exf4 {[%emt
0:00:01]} Rf7 {[%emt 0:00:00]} 35. Kf2 {[%emt 0:00:10]} Ra7 {[%emt 0:00:10]}
36. Rb8+ {[%emt 0:00:05]} Kg7 {[%emt 0:00:02]} 37. R1b6 {[%emt 0:00:04]} Rfc7 {
[%emt 0:00:04]} 38. Kf3 {[%emt 0:00:03]} Kf7 {[%emt 0:00:07]} 39. g4 {[%emt 0:
00:01]} fxg4+ {[%emt 0:00:01]} 40. hxg4 {[%emt 0:00:01]} Kf6 {[%emt 0:00:02]}
41. g5+ {[%emt 0:00:13]} Kg6 {[%emt 0:00:03]} 42. Rf8 {[%emt 0:00:08]} Kg7 {
[%emt 0:00:16]} 43. Rf6 {[%emt 0:00:02]} Re7 {[%emt 0:00:04]} 44. Rxc6 {[%emt
0:00:01]} Rab7 {[%emt 0:00:01]} 45. Rb6 {[%emt 0:00:02]} Rbc7 {[%emt 0:00:09]}
46. Rfxe6 {[%emt 0:00:02]} Rxe6 {[%emt 0:00:01]} 47. Rxe6 {[%emt 0:00:01]} Rb7
{[%emt 0:00:00]} 48. Rb6 {[%emt 0:00:01]} Re7 {[%emt 0:00:02]} 49. Rd6 {[%emt
0:00:02]} Rb7 {[%emt 0:00:03]} 50. Rxd5 {[%emt 0:00:01]} Rb4 {[%emt 0:00:01]}
51. c6 {[%emt 0:00:01]} Rxa4 {[%emt 0:00:05]} 52. c7 {[%emt 0:00:02]} Rc4 {
[%emt 0:00:01]} 53. Rc5 {[%emt 0:00:01]} Rc3+ {[%emt 0:00:00]} 54. Rxc3 {[%emt
0:00:02]} h6 {[%emt 0:00:00]} 55. c8=Q {[%emt 0:00:02]} hxg5 {[%emt 0:00:00]}
56. Rc7+ {[%emt 0:00:01]} Kf6 {[%emt 0:00:01]} 57. Qf8+ {[%emt 0:00:01]} Ke6 {
[%emt 0:00:02]} 58. Qe8+ {[%emt 0:00:03]} Kd5 {[%emt 0:00:00]} 59. Qe5# {[%emt
0:00:01]} 1-0

[Event "SportAccord MindGames Final Tournament"]
[Site "playchess.com #044013"]
[Date "2011.10.29"]
[Round "10"]
[White "Itachi"]
[Black "Sourisblanche"]
[Result "0-1"]
[WhiteElo "2655"]
[BlackElo "2698"]
[PlyCount "118"]
[EventDate "2011.10.29"]
[EventType "tourn (blitz)"]

1. e4 {[%emt 0:00:02]} c5 {[%emt 0:00:02]} 2. Nf3 {[%emt 0:00:01]} d6 {[%emt 0:
00:01]} 3. d4 {[%emt 0:00:02]} cxd4 {[%emt 0:00:01]} 4. Nxd4 {[%emt 0:00:00]}
Nf6 {[%emt 0:00:01]} 5. Nc3 {[%emt 0:00:01]} a6 {[%emt 0:00:01]} 6. Be3 {[%emt
0:00:03]} e5 {[%emt 0:00:01]} 7. Nb3 {[%emt 0:00:01]} Be7 {[%emt 0:00:01]} 8.
f3 {[%emt 0:00:01]} O-O {[%emt 0:00:02]} 9. Qd2 {[%emt 0:00:01]} Be6 {[%emt 0:
00:01]} 10. O-O-O {[%emt 0:00:01]} a5 {[%emt 0:00:01]} 11. Bb5 {[%emt 0:00:10]}
Na6 {[%emt 0:00:07]} 12. Kb1 {[%emt 0:00:14]} Qb8 {[%emt 0:00:06]} 13. g4 {
[%emt 0:00:06]} Nc7 {[%emt 0:00:03]} 14. g5 {[%emt 0:00:01]} Nh5 {[%emt 0:00:
02]} 15. a4 {[%emt 0:00:03]} Rd8 {[%emt 0:00:10]} 16. Bb6 {[%emt 0:00:06]} Rc8
{[%emt 0:00:10]} 17. h4 {[%emt 0:00:15]} Nxb5 {[%emt 0:00:01]} 18. Nxb5 {[%emt
0:00:04]} Ra6 {[%emt 0:00:03]} 19. Bxa5 {[%emt 0:00:16]} b6 {[%emt 0:00:11]}
20. Bb4 {[%emt 0:00:14]} Rxa4 {[%emt 0:00:02]} 21. Bxd6 {[%emt 0:00:12]} Qa8 {
[%emt 0:00:11]} 22. Ba3 {[%emt 0:00:27]} g6 {[%emt 0:00:27]} 23. Qe3 {[%emt 0:
00:15]} Bxa3 {[%emt 0:00:23]} 24. Nxa3 {[%emt 0:00:02]} b5 {[%emt 0:00:09]} 25.
Nc5 {[%emt 0:00:05]} b4 {[%emt 0:00:06]} 26. Nxa4 {[%emt 0:00:45]} Qxa4 {[%emt
0:00:04]} 27. Qb6 {[%emt 0:00:14]} bxa3 {[%emt 0:00:28] '} 28. b3 {[%emt 0:00:
01]} Qa8 {[%emt 0:00:15]} 29. Rh2 {[%emt 0:00:04]} Rb8 {[%emt 0:00:23]} 30. Qd6
{[%emt 0:00:01]} a2+ {[%emt 0:00:05]} 31. Ka1 {[%emt 0:00:06]} Rc8 {[%emt 0:00:
02]} 32. Rhd2 {[%emt 0:00:02]} Qa5 {[%emt 0:00:02]} 33. Qd3 {[%emt 0:00:06]}
Nf4 {[%emt 0:00:02]} 34. Qe3 {[%emt 0:00:01]} Kg7 {[%emt 0:00:02]} 35. Kb2 {
[%emt 0:00:01]} Ra8 {[%emt 0:00:04]} 36. Ka1 {[%emt 0:00:03]} Rc8 {[%emt 0:00:
02]} 37. Kb2 {[%emt 0:00:01]} Ra8 {[%emt 0:00:02]} 38. Ka1 {[%emt 0:00:01]} Qa3
{[%emt 0:00:01]} 39. Qc3 {[%emt 0:00:02]} Ra5 {[%emt 0:00:02]} 40. Qb2 {[%emt
0:00:03]} Qb4 {[%emt 0:00:03]} 41. Rd8 {[%emt 0:00:02]} Ne2 {[%emt 0:00:01]}
42. R1d3 {[%emt 0:00:03]} Nd4 {[%emt 0:00:02]} 43. R3xd4 {[%emt 0:00:04]} exd4
{[%emt 0:00:12]} 44. Rxd4 {[%emt 0:00:00]} Qa3 {[%emt 0:00:00]} 45. Rd1+ {
[%emt 0:00:06]} Qxb2+ {[%emt 0:00:01]} 46. Kxb2 {[%emt 0:00:00]} h6 {[%emt 0:
00:00]} 47. Ra1 {[%emt 0:00:02]} hxg5 {[%emt 0:00:01]} 48. hxg5 {[%emt 0:00:00]
} Rxg5 {[%emt 0:00:02]} 49. Rxa2 {[%emt 0:00:01]} Rg3 {[%emt 0:00:00]} 50. f4 {
[%emt 0:00:01]} Rf3 {[%emt 0:00:01]} 51. f5 {[%emt 0:00:01]} gxf5 {[%emt 0:00:
01]} 52. exf5 {[%emt 0:00:00]} Rxf5 {[%emt 0:00:00]} 53. Ra5 {[%emt 0:00:00]}
Rxa5 {[%emt 0:00:02]} 54. c4 {[%emt 0:00:02]} f5 {[%emt 0:00:02]} 55. b4 {
[%emt 0:00:02]} Ra8 {[%emt 0:00:01]} 56. c5 {[%emt 0:00:01]} f4 {[%emt 0:00:01]
} 57. Kc3 {[%emt 0:00:01]} f3 {[%emt 0:00:01]} 58. Kd3 {[%emt 0:00:00]} f2 {
[%emt 0:00:01]} 59. Ke2 {[%emt 0:00:01]} Rf8 {[%emt 0:00:02] Itachi resigns}
0-1

[Event "SportAccord MindGames Final Tournament"]
[Site "playchess.com #044013"]
[Date "2011.10.29"]
[Round "10"]
[White "Beca King"]
[Black "LAXMAN"]
[Result "1/2-1/2"]
[WhiteElo "2655"]
[BlackElo "2645"]
[PlyCount "188"]
[EventDate "2011.10.29"]
[EventType "tourn (blitz)"]

1. d4 {[%emt 0:00:01]} Nf6 {[%emt 0:00:01]} 2. Nf3 {[%emt 0:00:01]} e6 {[%emt
0:00:01]} 3. c4 {[%emt 0:00:01]} d5 {[%emt 0:00:01]} 4. Qc2 {[%emt 0:00:01]}
Be7 {[%emt 0:00:03]} 5. Nc3 {[%emt 0:00:02] LAXMAN offers a draw} O-O {[%emt 0:
00:03]} 6. Bg5 {[%emt 0:00:03]} dxc4 {[%emt 0:00:04]} 7. e3 {[%emt 0:00:01]} c5
{[%emt 0:00:01]} 8. dxc5 {[%emt 0:00:01]} Qa5 {[%emt 0:00:02]} 9. Bxc4 {[%emt
0:00:03]} Qxc5 {[%emt 0:00:01]} 10. Be2 {[%emt 0:00:01]} Nc6 {[%emt 0:00:03]}
11. a3 {[%emt 0:00:01]} h6 {[%emt 0:00:02]} 12. Bh4 {[%emt 0:00:02]} Nd5 {
[%emt 0:00:02]} 13. Bxe7 {[%emt 0:00:02]} Ncxe7 {[%emt 0:00:01]} 14. Rc1 {
[%emt 0:00:02]} Bd7 {[%emt 0:00:07]} 15. Nxd5 {[%emt 0:00:04]} Qxd5 {[%emt 0:
00:01]} 16. O-O {[%emt 0:00:10]} Rfc8 {[%emt 0:00:03]} 17. Bc4 {[%emt 0:00:01]}
Qf5 {[%emt 0:00:23]} 18. Qe2 {[%emt 0:00:05]} Qf6 {[%emt 0:00:12]} 19. Rfd1 {
[%emt 0:00:06]} Bc6 {[%emt 0:00:02]} 20. Nd4 {[%emt 0:00:01]} a6 {[%emt 0:00:
04]} 21. f3 {[%emt 0:00:13]} Qe5 {[%emt 0:00:03]} 22. e4 {[%emt 0:00:18]} Ba4 {
[%emt 0:00:07]} 23. b3 {[%emt 0:00:04]} Be8 {[%emt 0:00:09]} 24. Qe3 {[%emt 0:
00:04]} b5 {[%emt 0:00:08]} 25. Bf1 {[%emt 0:00:02]} Nd5 {[%emt 0:00:05]} 26.
Qd2 {[%emt 0:00:01]} Nf6 {[%emt 0:00:10]} 27. b4 {[%emt 0:00:04]} g5 {[%emt 0:
00:04]} 28. Nb3 {[%emt 0:00:11]} Nd7 {[%emt 0:00:15]} 29. Nd4 {[%emt 0:00:02]}
Nb6 {[%emt 0:00:03]} 30. Qe3 {[%emt 0:00:19]} Na4 {[%emt 0:00:07]} 31. g3 {
[%emt 0:00:01]} Nb2 {[%emt 0:00:12]} 32. Re1 {[%emt 0:00:02]} Rd8 {[%emt 0:00:
06]} 33. Nb3 {[%emt 0:00:04]} Na4 {[%emt 0:00:09]} 34. f4 {[%emt 0:00:10]} gxf4
{[%emt 0:00:08]} 35. gxf4 {[%emt 0:00:00]} Qb2 {[%emt 0:00:06]} 36. e5 {[%emt
0:00:01]} Rac8 {[%emt 0:00:05] LAXMAN offers a draw} 37. Qg3+ {[%emt 0:00:21]}
Kf8 {[%emt 0:00:12]} 38. Rxc8 {[%emt 0:00:28]} Rxc8 {[%emt 0:00:02]} 39. Na5 {
[%emt 0:00:01]} Rc3 {[%emt 0:00:18]} 40. Qh4 {[%emt 0:00:01]} Qd2 {[%emt 0:00:
02]} 41. Qxh6+ {[%emt 0:00:06]} Ke7 {[%emt 0:00:01]} 42. Qh4+ {[%emt 0:00:06]}
Kf8 {[%emt 0:00:01]} 43. Re2 {[%emt 0:00:22]} Qd4+ {[%emt 0:00:01]} 44. Rf2 {
[%emt 0:00:02]} Rxa3 {[%emt 0:00:13]} 45. Nb7 {[%emt 0:00:04]} Rf3 {[%emt 0:00:
10]} 46. Nd6 {[%emt 0:00:06]} Qxf2+ {[%emt 0:00:05]} 47. Qxf2 {[%emt 0:00:01]}
Rxf2 {[%emt 0:00:00]} 48. Kxf2 {[%emt 0:00:00]} Bc6 {[%emt 0:00:05]} 49. Ke3 {
[%emt 0:00:06]} Nc3 {[%emt 0:00:01]} 50. Kd4 {[%emt 0:00:01]} Nd5 {[%emt 0:00:
02]} 51. Kc5 {[%emt 0:00:01]} Bd7 {[%emt 0:00:01]} 52. f5 {[%emt 0:00:01]} Ne3
{[%emt 0:00:02]} 53. Bd3 {[%emt 0:00:01]} exf5 {[%emt 0:00:02]} 54. Kb6 {[%emt
0:00:03]} Nd5+ {[%emt 0:00:01]} 55. Kc5 {[%emt 0:00:02]} Ne7 {[%emt 0:00:03]}
56. Kb6 {[%emt 0:00:07]} Nc6 {[%emt 0:00:05]} 57. Kc7 {[%emt 0:00:14] .} Nxe5 {
[%emt 0:00:02]} 58. Be2 {[%emt 0:00:05]} f4 {[%emt 0:00:02]} 59. Kb6 {[%emt 0:
00:02]} f3 {[%emt 0:00:02]} 60. Bf1 {[%emt 0:00:00]} f2 {[%emt 0:00:03]} 61.
Ne4 {[%emt 0:00:01]} Ng4 {[%emt 0:00:03]} 62. Be2 {[%emt 0:00:01]} Bf5 {[%emt
0:00:02]} 63. Nd6 {[%emt 0:00:10]} Bd7 {[%emt 0:00:02]} 64. Kxa6 {[%emt 0:00:
01]} Ne3 {[%emt 0:00:02]} 65. Nxb5 {[%emt 0:00:03]} Bg4 {[%emt 0:00:04]} 66.
Bd3 {[%emt 0:00:02]} Bf5 {[%emt 0:00:01]} 67. Be2 {[%emt 0:00:01]} Ke7 {[%emt
0:00:02]} 68. Nd4 {[%emt 0:00:01]} Bc8+ {[%emt 0:00:01]} 69. Ka7 {[%emt 0:00:
01]} f1=Q {[%emt 0:00:00]} 70. Bxf1 {[%emt 0:00:01]} Nxf1 {[%emt 0:00:00]} 71.
b5 {[%emt 0:00:00]} Kd6 {[%emt 0:00:01]} 72. h4 {[%emt 0:00:01]} Ne3 {[%emt 0:
00:03]} 73. h5 {[%emt 0:00:02]} Ng4 {[%emt 0:00:02]} 74. b6 {[%emt 0:00:00]}
Kd5 {[%emt 0:00:03]} 75. Nf5 {[%emt 0:00:01]} Ke5 {[%emt 0:00:03]} 76. h6 {
[%emt 0:00:01]} Nxh6 {[%emt 0:00:06]} 77. Nxh6 {[%emt 0:00:01]} Ke6 {[%emt 0:
00:01]} 78. Kb8 {[%emt 0:00:01]} Ba6 {[%emt 0:00:01]} 79. Ka7 {[%emt 0:00:04]}
Bc8 {[%emt 0:00:01]} 80. Ng4 {[%emt 0:00:01]} f5 {[%emt 0:00:02]} 81. Nf2 {
[%emt 0:00:01]} Kd5 {[%emt 0:00:02]} 82. Nd3 {[%emt 0:00:01]} Kd4 {[%emt 0:00:
02]} 83. Nb4 {[%emt 0:00:02]} f4 {[%emt 0:00:01]} 84. Kb8 {[%emt 0:00:01]} Kc5
{[%emt 0:00:03]} 85. Kc7 {[%emt 0:00:04]} f3 {[%emt 0:00:03]} 86. Nd3+ {[%emt
0:00:01]} Kb5 {[%emt 0:00:01]} 87. Nf2 {[%emt 0:00:05]} Ba6 {[%emt 0:00:02]}
88. Ne4 {[%emt 0:00:01]} Kc4 {[%emt 0:00:02]} 89. Kb8 {[%emt 0:00:03]} Kd4 {
[%emt 0:00:01]} 90. Nf2 {[%emt 0:00:01]} Ke3 {[%emt 0:00:01]} 91. Ng4+ {[%emt
0:00:01]} Kf4 {[%emt 0:00:01]} 92. Nf2 {[%emt 0:00:01]} Ke3 {[%emt 0:00:02]}
93. Ng4+ {[%emt 0:00:01]} Kf4 {[%emt 0:00:01]} 94. Nf2 {[%emt 0:00:07]} Ke3 {
[%emt 0:00:01]} 1/2-1/2

[Event "SportAccord MindGames Final Tournament"]
[Site "playchess.com #044013"]
[Date "2011.10.29"]
[Round "11"]
[White "Gan-Od_Sereenen"]
[Black "Beca King"]
[Result "1-0"]
[WhiteElo "2564"]
[BlackElo "2654"]
[PlyCount "55"]
[EventDate "2011.10.29"]
[EventType "tourn (blitz)"]

1. d4 {[%emt 0:00:03]} Nf6 {[%emt 0:00:02]} 2. Nf3 {[%emt 0:00:01]} g6 {[%emt
0:00:01]} 3. g3 {[%emt 0:00:01]} Bg7 {[%emt 0:00:01]} 4. Bg2 {[%emt 0:00:00]}
O-O {[%emt 0:00:01]} 5. O-O {[%emt 0:00:00]} c5 {[%emt 0:00:01]} 6. c4 {[%emt
0:00:01]} Nc6 {[%emt 0:00:01]} 7. Nc3 {[%emt 0:00:04]} d6 {[%emt 0:00:13]} 8.
Bg5 {[%emt 0:00:04]} cxd4 {[%emt 0:00:11]} 9. Nxd4 {[%emt 0:00:02]} Nxd4 {
[%emt 0:00:00]} 10. Qxd4 {[%emt 0:00:01]} h6 {[%emt 0:00:00]} 11. Bxf6 {[%emt
0:00:05]} Bxf6 {[%emt 0:00:01]} 12. Qd3 {[%emt 0:00:00]} Be6 {[%emt 0:00:03]}
13. Rac1 {[%emt 0:00:03]} Rb8 {[%emt 0:00:03]} 14. b3 {[%emt 0:00:01]} Qa5 {
[%emt 0:00:02]} 15. Qd2 {[%emt 0:00:07]} Bg7 {[%emt 0:00:01]} 16. Rfd1 {[%emt
0:00:02]} a6 {[%emt 0:00:01]} 17. Nd5 {[%emt 0:00:02]} Bxd5 {[%emt 0:00:01]}
18. Qxa5 {[%emt 0:00:02]} Bxg2 {[%emt 0:00:09]} 19. Kxg2 {[%emt 0:00:02]} b6 {
[%emt 0:00:00]} 20. Qd2 {[%emt 0:00:02]} b5 {[%emt 0:00:00]} 21. c5 {[%emt 0:
00:02]} dxc5 {[%emt 0:00:00]} 22. Rxc5 {[%emt 0:00:00]} h5 {[%emt 0:00:01]} 23.
h4 {[%emt 0:00:01]} Bf6 {[%emt 0:00:02]} 24. Qe3 {[%emt 0:00:05]} e6 {[%emt 0:
00:01]} 25. Rd7 {[%emt 0:00:03]} Kg7 {[%emt 0:00:01]} 26. Qxe6 {[%emt 0:00:04]}
Rbe8 {[%emt 0:00:01]} 27. Rxf7+ {[%emt 0:00:05]} Rxf7 {[%emt 0:00:02]} 28. Qxe8
{[%emt 0:00:02] Beca King resigns} 1-0

[Event "SportAccord MindGames Final Tournament"]
[Site "playchess.com #044013"]
[Date "2011.10.29"]
[Round "11"]
[White "Lord Shiva"]
[Black "Itachi"]
[Result "0-1"]
[WhiteElo "2638"]
[BlackElo "2640"]
[PlyCount "52"]
[EventDate "2011.10.29"]
[EventType "tourn (blitz)"]

1. d4 {[%emt 0:00:10]} d5 {[%emt 0:00:01]} 2. Nf3 {[%emt 0:00:00]} Nf6 {[%emt
0:00:01]} 3. e3 {[%emt 0:00:01]} e6 {[%emt 0:00:02]} 4. Be2 {[%emt 0:00:02]} a6
{[%emt 0:00:04]} 5. O-O {[%emt 0:00:00]} b5 {[%emt 0:00:01]} 6. b3 {[%emt 0:00:
02]} Bb7 {[%emt 0:00:01]} 7. c4 {[%emt 0:00:01]} dxc4 {[%emt 0:00:03]} 8. bxc4
{[%emt 0:00:01]} b4 {[%emt 0:00:00]} 9. Bb2 {[%emt 0:00:03]} Nbd7 {[%emt 0:00:
02]} 10. Nbd2 {[%emt 0:00:01]} Be7 {[%emt 0:00:02]} 11. a3 {[%emt 0:00:01]} a5
{[%emt 0:00:02]} 12. Bd3 {[%emt 0:00:04]} c5 {[%emt 0:00:12]} 13. Qe2 {[%emt 0:
00:08]} O-O {[%emt 0:00:03]} 14. e4 {[%emt 0:00:03]} cxd4 {[%emt 0:00:04]} 15.
e5 {[%emt 0:00:01]} Ng4 {[%emt 0:00:15]} 16. Bxd4 {[%emt 0:00:02]} bxa3 {[%emt
0:00:08]} 17. Rad1 {[%emt 0:00:09]} Qc7 {[%emt 0:00:09]} 18. Ne4 {[%emt 0:00:
18]} Ngxe5 {[%emt 0:00:11]} 19. Nxe5 {[%emt 0:00:15]} Nxe5 {[%emt 0:00:01]} 20.
Ng5 {[%emt 0:00:06]} Nxd3 {[%emt 0:00:11]} 21. Nxh7 {[%emt 0:00:03]} Nf4 {
[%emt 0:00:26]} 22. Qg4 {[%emt 0:00:01]} Ng6 {[%emt 0:00:05]} 23. Nxf8 {[%emt
0:00:02]} Bxf8 {[%emt 0:00:01]} 24. h4 {[%emt 0:00:05]} Qf4 {[%emt 0:00:06]}
25. Qxf4 {[%emt 0:00:16]} Nxf4 {[%emt 0:00:01]} 26. Be5 {[%emt 0:00:06]} Nxg2 {
[%emt 0:00:29] Lord Shiva resigns} 0-1